000 00754nam a22001937a 4500
999 _c12389
_d12389
003 AR-CdUCM
008 190408b ||||| |||| 00| 0 spa d
040 _aMUNICIPALIDAD PROVINCIAL DEL CUSCO
_cBIBLIOTECA MUNICIPAL DEL CUSCO
082 _23ed.
_aEP / 030 /
_bT68
100 _aToledo del Valle, Julio
_930223
245 _aEnciclopedia de las Aficiones :
_bIniciación al Aeromodelismo /
260 _aMadrid :
_bSantillana ;
_c1965.
300 _a111 páginas ;
_bIlustraciones
_c21cm
505 _aContenido: Materiales y utilización -- Vuelo libre o circular -- Veleros de competición -- Los motomodelos -- La velocidad...
650 _aAeromodelismo
_930224
650 _aPasatiempos
_930145
942 _2ddc
_cLIBROS
945 _anom
_d2019-04-08